00748nam a2200205 i 4500001000700000003000900007005001700016007000300033008004100036100004400077245005100121260003400172300002100206490005300227650003100280830005800311852003200369999001900401952012200420112364ES-MaACL20251207132807.0t|061121s1961 sp r ||||1| cat d1 aEspinalt, Carles M., d1920-199398441210aSaber-se entendre / cCarles Muñoz Espinalt. aBarcelona : bDalmau, c1961. a57 p. ; c20 cm.1 aCol·lecció Panorama Actual de Les Idees ; v807aPsicología2embne9165400 aCol·lecció Panorama Actual de Les Ideesv89233124 aES-MaACLjC-25480 bR.48730 c112364d112364 00104070aATENEOMbATENEOMcDEPO2d2008-01-17eSCl0oC-25480p1117211r2023-02-23 00:00:00w2023-02-23yMONOGRAFIA